000
00291nam a22001337a 4500
008
180227b xxu||||| |||| 00| 0 eng d
020
_a
0321306031
041
_a
eng
080
_a
510
100
_a
36
101
_a
MAT
245
_a
Introductory Algebra
_c
Bittinger, M.L
942
_2
udc
_c
BK
999
_c
43565
_d
43565